| 000 | 00582cam a22001457a 4500 | ||
|---|---|---|---|
| 008 | 180718b2000 xxu||||| |||| 00| 0 eng d | ||
| 082 | _aT478x54 R299S/F | ||
| 100 | _aStanding Committee on International Financial Standards and Codes. | ||
| 245 |
_aReport of the Advisory Group on Transparency in Monetary and Fiancial Policies _cby Standing Committee on International Financial Standards and Codes |
||
| 260 |
_aBombay _bReserve Bank of India _c2000 |
||
| 300 | _a67p. | ||
| 500 | _aChairman: M. Narasimham | ||
| 700 | _aReserve Bank of India | ||
| 700 | _aNarasimham, M. (Chairman) | ||
| 999 |
_c482451 _d482451 |
||